Storia d'Europa nel secolo decimonono / (Record no. 50113)

MARC details
000 -LEADER
campo de control de longitud fija 00703nam a2200217 i 4500
001 - NÚMERO DE CONTROL
campo de control 50113
003 - IDENTIFICADOR DE NÚMERO DE CONTROL
campo de control ES-MaACL
005 - FECHA Y HORA DE LA ÚLTIMA TRANSACCIÓN
campo de control 20250803063048.0
007 - CAMPO FIJO DE DESCRIPCIÓN FÍSICA--INFORMACIÓN GENERAL
campo de control de longitud fija t|
008 - DATOS DE LONGITUD FIJA--INFORMACIÓN GENERAL
campo de control de longitud fija 030730s1932 it ||||1| ita d
100 1# - ENTRADA PRINCIPAL--NOMBRE DE PERSONA
Nombre de persona Croce, Benedetto,
Fechas asociadas al nombre 1866-1952
9 (RLIN) 241508
245 10 - MENCIÓN DEL TÍTULO
Título Storia d'Europa nel secolo decimonono /
Mención de responsabilidad, etc. Benedetto Croce.
250 ## - MENCION DE EDICION
Mención de edición 3ª ed. rev.
260 ## - PUBLICACIÓN, DISTRIBUCIÓN, ETC.
Lugar de publicación, distribución, etc. Bari :
Nombre del editor, distribuidor, etc. Gius. Laterza & Figli,
Fecha de publicación, distribución, etc. 1932.
300 ## - DESCRIPCIÓN FÍSICA
Extensión 366 p. ;
Dimensiones 22 cm.
490 1# - MENCIÓN DE SERIE
Mención de serie Scritti di storia letteraria e politica ;
Designación de volumen o secuencia 27
651 #4 - PUNTO DE ACCESO ADICIONAL DE MATERIA--NOMBRE GEOGRÁFICO
Nombre geográfico Europa-
Subdivisión general Historia-
Subdivisión cronológica 1789-1900.
9 (RLIN) 138070
830 0# - PUNTO DE ACCESO ADICIONAL DE SERIE-TÍTULO UNIFORME
Título uniforme Scritti di storia letteraria e politica ;
Designación de volumen o secuencia 27
9 (RLIN) 230120
852 ## - LOCALIZACIÓN
Ubicación ES-MaACL
Número de control de estantería A-1355
Holdings
Estatus retirado Estado de pérdida Estado de daño No para préstamo Biblioteca de origen Biblioteca actual Ubicación en estantería Fecha de adquisición Fuente de adquisición Total de préstamos Signatura topográfica completa Código de barras Visto por última vez Precio de reemplazo Tipo de ítem Koha
        Biblioteca del Ateneo de Madrid Biblioteca del Ateneo de Madrid Sala Pecera Planta 1 17/01/2008     A-1355 1052717 23/02/2023 23/02/2023 Libro impreso